Stuck in the Middle with 'N' Quiz Stats

 Plays Quiz Updated Aug 1, 2017

Support Sporcle.
Go Orange.
Score 0/25 Timer 06:00
0 Plays Today
% Correct
nan
90.3%
nee
88.5%
nip
88.1%
nit
87.6%
name
87.5%
now
87.3%
nun
87%
nick
86.9%
nose
86.7%
no
85.7%
norm
85.1%
net
84.5%
nog
84.4%
% Correct
nab
83.7%
nil
83.3%
nest
82.8%
nap
82.8%
nag
81.7%
nut
80.3%
nor
79.9%
neat
79.5%
not
78.9%
new
78.9%
near
68.2%
nope
67.3%

You're not logged in!

Compare scores with friends on all Sporcle quizzes.
OR
Log In
Forgot?

From the Vault

Let's Find the South American Borders

by kfastic

Hint: They're all in South America.
Remove Ads.
Support Sporcle.
Get the best of Sporcle when you Go Orange. This ad-free experience offers more features, more stats, and more fun while also helping to support Sporcle. Thank you for becoming a member.

Show Comments

Extras

Top Quizzes Today


Score Distribution

Your Account Isn't Verified!

In order to create a playlist on Sporcle, you need to verify the email address you used during registration. Go to your Sporcle Settings to finish the process.

Report this User

Report this user for behavior that violates our Community Guidelines.

Details: